000 00421nam a22001697a 4500
005 20230707123107.0
008 230703b |||||||| |||| 00| 0 eng d
020 _a978-93-5451-859-1
082 _aB/612.015/DAS/DB1117
100 _aDas Kuntal
_9185089
245 _aApplied Biochemistry
260 _bNirali Prakshan
_c2023
_aPune
300 _a199p
365 _b275.00
942 _cDB
999 _c166977
_d166977